000 01088nam a22003257a 4500
001 205
003 FISKH
005 20251201102458.0
008 230303b cb ||||| |||| 00| 0 eng d
020 _a9780545388740
040 _aDLC
_cDLC
_dDLC
_dFISKH
_beng
050 0 0 _aPZ7.S86037
_bIts 2011
082 0 0 _a813.6
_222
100 1 _aStine, R. L.
245 1 0 _aIt's the first day of school-- forever! /
_cR.L. Stine.
246 3 _aIt is the first day of school-- forever!
250 _a1st ed.
260 _aNew York :
_bScholastic
_c2011.
300 _a183 p. ;
_c22 cm.
505 _aF
520 _aEverything goes wrong for eleven-year-old Artie on his first day at Ardmore Middle School, from the moment his alarm goes off until the next morning, when everything is repeated exactly the same way.
521 8 _a400
_bLexile
521 8 _aF
_bRaz-Plus
650 1 _aFirst day of school
_vFiction.
650 1 _aSchools
_vFiction.
650 1 _aMonsters
_vFiction.
650 1 _aHorror stories.
906 _a7
_bcbc
_corignew
_d1
_eecip
_f20
_gy-gencatlg
942 _2ddc
_cBK
_n0
999 _c205
_d205